000 00406 a2200109 4500
001 ART_50878
005 20260410161945.0
008 260409a
245 1 0 _aAplicación de la sanción del artículo 275 de la ley de contrato de trabajo a la aseguradora de riesgos de trabajo demandada
100 1 _aFavier, Daniela
773 0 _tTemas de derecho laboral
_g- N° 6 (jun. 2020)
_wREV27619
999 _c29868
_d29868